Bon humor als bibliobusos El Castellot i Montau : programa de foment de la lectura : tardor 2007 programa de foment de la lectura :
Descripción Física:
2 p. ; 30 cm
MARC
| LEADER | 00000nam a2200000Ia 4500 | ||
|---|---|---|---|
| 001 | 20921 | ||
| 008 | 160829s2007 xx 000 0 cat d | ||
| 080 | |a FU-23-27 | ||
| 245 | |a Bon humor als bibliobusos El Castellot i Montau : |b programa de foment de la lectura : |b tardor 2007 | ||
| 260 | |a Barcelona : |b Diputació de Barcelona. Servei de Biblioteques, |c 2007 | ||
| 300 | |a 2 p. ; |c 30 cm | ||
| 610 | 2 | 0 | |a Bibliobús El Castellot |9 52877 |
| 610 | 2 | 0 | |a Bibliobús Montau |9 52879 |
| 650 | 0 | |a Bibliobusos |9 30563 |z Barcelona (Catalunya : Província) | |
| 650 | |a Lectura |x Animació |9 38731 | ||
| 710 | |9 4217 |a Barcelona (Catalunya : Província). |b Servei de Biblioteques | ||
| 901 | |a Arxiu | ||
| 942 | |n 1 |2 udc | ||
| 952 | |0 0 |1 0 |4 0 |6 FU2327 |7 1 |9 51716 |a Arxiu |b Arxiu |d 2016-12-01 |l 0 |o FU-23-27 |p 20921 |r 2016-12-01 00:00:00 |w 2016-12-01 |y ARXIU | ||
| 999 | |c 55562 |d 55562 | ||